书目信息 |
| 题名: |
物流营销实务
|
|
| 作者: | 杨穗萍 | |
| 分册: | ||
| 出版信息: | 北京 中国物资出版社 2004 |
|
| 页数: | 192 | |
| 开本: | 23cm | |
| 丛书名: | ||
| 单 册: | ||
| 中图分类: | F252.2 | |
| 科图分类: | ||
| 主题词: | 物资经济 | |
| 电子资源: | ||
| ISBN: | 7-5047-2117-4 | |
| 000 | 00499nam0 2200181 450 | |
| 001 | 0760515518 | |
| 005 | 20070817164835.51 | |
| 010 | @a7-5047-2117-4@d¥22.00 | |
| 100 | @a20070817d km y0chiy0120 ea | |
| 101 | 0 | @achi |
| 200 | 1 | @a物流营销实务@Awu liu ying xiao shi wu@f杨穗萍@Fyang sui ping |
| 210 | @a北京@c中国物资出版社@d2004 | |
| 215 | @a192@d23cm | |
| 606 | 0 | @a物资经济 |
| 690 | @aF252.2@v3 | |
| 701 | 0 | @a杨穗萍@Ayang sui ping |
| 801 | 0 | @aCN@bPFT@c20070817 |
| 905 | @a213230@dF252.2@eg37@f1 | |
| 物流营销实务/杨穗萍.-北京:中国物资出版社,2004 |
| 192;23cm |
| ISBN 7-5047-2117-4:¥22.00 |
| ● |
| 相关链接 |
|
|
|
|
正题名:物流营销实务
索取号:F252.2/g37
 
预约/预借
| 序号 | 登录号 | 条形码 | 馆藏地/架位号 | 状态 | 备注 |
| 1 | 6501911 | 265019115 | 密集书库-海洋学院/ [索取号:F252.2/g37] | 在馆 | |
| 2 | 6501912 | 265019124 | 密集书库-海洋学院/ [索取号:F252.2/g37] | 在馆 |